<?xml version="1.0" encoding="UTF-8"?>
<record
    xmlns:xsi="http://www.w3.org/2001/XMLSchema-instance"
    xsi:schemaLocation="http://www.loc.gov/MARC21/slim http://www.loc.gov/standards/marcxml/schema/MARC21slim.xsd"
    xmlns="http://www.loc.gov/MARC21/slim">

  <leader>00479    a2200169   4500</leader>
  <controlfield tag="003">OSt</controlfield>
  <controlfield tag="005">20240123102209.0</controlfield>
  <controlfield tag="008">240123b        |||||||| |||| 00| 0 eng d</controlfield>
  <datafield tag="020" ind1=" " ind2=" ">
    <subfield code="a">9788194716181</subfield>
  </datafield>
  <datafield tag="040" ind1=" " ind2=" ">
    <subfield code="c">oclc</subfield>
  </datafield>
  <datafield tag="082" ind1=" " ind2=" ">
    <subfield code="a">954.83</subfield>
    <subfield code="b">KUR/M</subfield>
  </datafield>
  <datafield tag="100" ind1=" " ind2=" ">
    <subfield code="a">Kurup, K K N</subfield>
    <subfield code="d">1939- author.</subfield>
    <subfield code="9">1879</subfield>
  </datafield>
  <datafield tag="245" ind1=" " ind2=" ">
    <subfield code="a">1921 malabar samaram /</subfield>
    <subfield code="c">K K N Kurup</subfield>
  </datafield>
  <datafield tag="260" ind1=" " ind2=" ">
    <subfield code="b">Yuvatha bookk stall,</subfield>
    <subfield code="c">2021</subfield>
  </datafield>
  <datafield tag="300" ind1=" " ind2=" ">
    <subfield code="a">2v</subfield>
  </datafield>
  <datafield tag="942" ind1=" " ind2=" ">
    <subfield code="2">ddc</subfield>
    <subfield code="c">BK</subfield>
    <subfield code="h">954.83</subfield>
    <subfield code="i">KUR/M</subfield>
    <subfield code="k">954.83</subfield>
    <subfield code="m">KUR/M</subfield>
  </datafield>
  <datafield tag="952" ind1=" " ind2=" ">
    <subfield code="0">0</subfield>
    <subfield code="1">0</subfield>
    <subfield code="2">ddc</subfield>
    <subfield code="4">0</subfield>
    <subfield code="7">0</subfield>
    <subfield code="8">HISTORY</subfield>
    <subfield code="a">MES</subfield>
    <subfield code="b">MES</subfield>
    <subfield code="c">ISL</subfield>
    <subfield code="d">2023-09-30</subfield>
    <subfield code="l">2</subfield>
    <subfield code="o">954.83 KUR/M</subfield>
    <subfield code="p">42078</subfield>
    <subfield code="r">2025-03-14 12:24:32</subfield>
    <subfield code="s">2025-03-03</subfield>
    <subfield code="t">vol 2</subfield>
    <subfield code="v">550.00</subfield>
    <subfield code="w">2023-09-30</subfield>
    <subfield code="y">BK</subfield>
    <subfield code="z">GL44R3</subfield>
  </datafield>
  <datafield tag="952" ind1=" " ind2=" ">
    <subfield code="0">0</subfield>
    <subfield code="1">0</subfield>
    <subfield code="2">ddc</subfield>
    <subfield code="4">0</subfield>
    <subfield code="7">0</subfield>
    <subfield code="8">HISTORY</subfield>
    <subfield code="a">MES</subfield>
    <subfield code="b">MES</subfield>
    <subfield code="c">ISL</subfield>
    <subfield code="d">2023-09-30</subfield>
    <subfield code="l">0</subfield>
    <subfield code="o">954.83 KUR/M</subfield>
    <subfield code="p">42077</subfield>
    <subfield code="r">2023-09-30 16:05:43</subfield>
    <subfield code="t">vol 1</subfield>
    <subfield code="v">495.00</subfield>
    <subfield code="w">2023-09-30</subfield>
    <subfield code="y">BK</subfield>
    <subfield code="z">GL44R3</subfield>
  </datafield>
  <datafield tag="999" ind1=" " ind2=" ">
    <subfield code="c">42509</subfield>
    <subfield code="d">42509</subfield>
  </datafield>
</record>
